<?xml version="1.0" encoding="UTF-8"?>
<resp>
  <nextPage>https://data.bn.org.pl/api/networks/bibs.marcxml?marc=001+b0000740000756&amp;sinceId=740000757</nextPage>
  <collection>
    <record xmlns='http://www.loc.gov/MARC21/slim'><leader>01903nam a2200541 i 4500</leader><controlfield tag='001'>b0000740000756</controlfield><controlfield tag='005'>20251108083933.9</controlfield><controlfield tag='008'>220303s2020    pl a  a|||   |000 j pol  </controlfield><controlfield tag='009'>9912857924705606</controlfield><datafield ind1=' ' ind2=' ' tag='020'><subfield code='a'>9788379713257</subfield></datafield><datafield ind1=' ' ind2=' ' tag='035'><subfield code='a'>LIS_1LIS_1_18178-48omnis_lis</subfield></datafield><datafield ind1=' ' ind2=' ' tag='035'><subfield code='a'>LIS_1_18178</subfield></datafield><datafield ind1=' ' ind2=' ' tag='035'><subfield code='a'>(PL)b0000740000756</subfield></datafield><datafield ind1=' ' ind2=' ' tag='040'><subfield code='a'>LIS_1</subfield><subfield code='c'>LIS_1</subfield><subfield code='d'>WA N</subfield></datafield><datafield ind1='1' ind2=' ' tag='041'><subfield code='a'>pol</subfield><subfield code='h'>ger</subfield></datafield><datafield ind1=' ' ind2=' ' tag='046'><subfield code='k'>2012</subfield></datafield><datafield ind1='1' ind2=' ' tag='100'><subfield code='a'>Geisler, Dagmar</subfield><subfield code='d'>(1958- )</subfield><subfield code='e'>Autor</subfield></datafield><datafield ind1='1' ind2='0' tag='245'><subfield code='a'>Jestem wściekły! :</subfield><subfield code='b'>jak pokonać złość /</subfield><subfield code='c'>Dagmar Geisler ; [tłumaczył z języka niemieckiego Magdalena Jałowiec].</subfield></datafield><datafield ind1='1' ind2=' ' tag='246'><subfield code='i'>Tytuł oryginału:</subfield><subfield code='a'>Wohin mit meiner Wut?,</subfield><subfield code='f'>2012.</subfield></datafield><datafield ind1=' ' ind2=' ' tag='260'><subfield code='a'>Kielce :</subfield><subfield code='b'>Wydawnictwo Jedność,</subfield><subfield code='c'>[2020]</subfield></datafield><datafield ind1=' ' ind2=' ' tag='300'><subfield code='a'>[29] stron :</subfield><subfield code='b'>ilustracje kolorowe ;</subfield><subfield code='c'>28 cm.</subfield></datafield><datafield ind1=' ' ind2=' ' tag='336'><subfield code='a'>Tekst</subfield><subfield code='b'>txt</subfield><subfield code='2'>rdacontent.</subfield></datafield><datafield ind1=' ' ind2=' ' tag='337'><subfield code='a'>Bez urządzenia pośredniczącego</subfield><subfield code='b'>n</subfield><subfield code='2'>rdamedia.</subfield></datafield><datafield ind1=' ' ind2=' ' tag='338'><subfield code='a'>Wolumin</subfield><subfield code='b'>nc</subfield><subfield code='2'>rdacarrier.</subfield></datafield><datafield ind1=' ' ind2=' ' tag='380'><subfield code='a'>Książki</subfield></datafield><datafield ind1='1' ind2=' ' tag='490'><subfield code='a'>Ja i Moje Emocje</subfield></datafield><datafield ind1='1' ind2=' ' tag='490'><subfield code='a'>&quot;Jedność&quot; dla Dzieci</subfield></datafield><datafield ind1=' ' ind2='4' tag='648'><subfield code='a'>2001-</subfield></datafield><datafield ind1=' ' ind2='4' tag='655'><subfield code='a'>Opowiadanie dziecięce niemieckie</subfield><subfield code='y'>21 w.</subfield></datafield><datafield ind1='1' ind2=' ' tag='700'><subfield code='a'>Jałowiec-Sawicka, Magdalena</subfield><subfield code='e'>Tłumaczenie</subfield></datafield><datafield ind1='2' ind2=' ' tag='710'><subfield code='a'>Wydawnictwo Jedność.</subfield><subfield code='4'>pbl</subfield><subfield code='e'>Wydawca</subfield></datafield><datafield ind1=' ' ind2='0' tag='830'><subfield code='a'>Ja i Moje Emocje</subfield></datafield><datafield ind1=' ' ind2='0' tag='830'><subfield code='a'>&quot;Jedność&quot; dla Dzieci</subfield><subfield code='1'>t 2003050101</subfield></datafield><datafield ind1=' ' ind2=' ' tag='852'><subfield code='8'>225354350007908</subfield><subfield code='j'>1</subfield><subfield code='b'>LIS_1_1</subfield><subfield code='p'>115000339293</subfield><subfield code='c'>GBP</subfield></datafield><datafield ind1=' ' ind2=' ' tag='852'><subfield code='8'>22724434660005066</subfield><subfield code='j'>0</subfield><subfield code='b'>BN_PL</subfield><subfield code='p'>888a1355166</subfield><subfield code='c'>Reklamacja</subfield></datafield><datafield ind1=' ' ind2=' ' tag='852'><subfield code='b'>48OMNIS_LIS</subfield><subfield code='8'>991000007559707908</subfield></datafield><datafield ind1=' ' ind2=' ' tag='852'><subfield code='b'>48OMNIS_NLOP</subfield><subfield code='8'>991053090944605066</subfield></datafield><datafield ind1=' ' ind2=' ' tag='852'><subfield code='b'>48OMNIS_NETWORK</subfield><subfield code='8'>9912857924705606</subfield></datafield><datafield ind1=' ' ind2=' ' tag='920'><subfield code='a'>978-83-7971-325-7</subfield></datafield></record>
  </collection>
</resp>
